书目信息 |
| 题名: |
摄影技巧手册
|
|
| 作者: | 海杰科 著 ;陈继良 , 衣云娟 译 | |
| 分册: | ||
| 出版信息: | 广州 广东科技出版社 2001 |
|
| 页数: | 145页 | |
| 开本: | 21cm | |
| 丛书名: | ||
| 单 册: | ||
| 中图分类: | J41 | |
| 科图分类: | ||
| 主题词: | 摄影技术--普及读物 | |
| 电子资源: | ||
| ISBN: | 7-5359-2690-8 | |
| 000 | 00647nam0 2200217 45 | |
| 001 | 0304011013 | |
| 005 | 20041122104340.3 | |
| 010 | @a7-5359-2690-8@dCNY40.00 | |
| 100 | @a20030401d2001 km y0chiy0120 ea | |
| 101 | 0 | @achi@ceng |
| 105 | @ay z 000yy | |
| 200 | 1 | @a摄影技巧手册@AShe Ying Ji Qiao Shou Ce@f(英)约翰·海杰科著@F(Ying)Yue Han·Hai Jie Ke Zhu@g陈继良,衣云娟译 |
| 210 | @a广州@c广东科技出版社@d2001 | |
| 215 | @a145页@d21cm | |
| 606 | 0 | @a摄影技术@x普及读物 |
| 690 | @aJ41@v4 | |
| 701 | 0 | @a海杰科@4著 |
| 702 | 0 | @a陈继良@AChen Ji Liang@4译 |
| 702 | 0 | @a衣云娟@AYi Yun Juan@4译 |
| 801 | @aCN@bTSTC@c20030401 | |
| 905 | @dJ41@e136 | |
| 摄影技巧手册/(英)约翰·海杰科著/陈继良,衣云娟译.-广州:广东科技出版社,2001 |
| 145页;21cm |
| ISBN 7-5359-2690-8:CNY40.00 |
| ● |
| 相关链接 |
|
|
|
|
正题名:摄影技巧手册
索取号:J41/136
 
预约/预借
| 序号 | 登录号 | 条形码 | 馆藏地/架位号 | 状态 | 备注 |
| 1 | 0322005 | 203220059 | 第一借阅区/ [索取号:J41/136] | 在馆 | |
| 2 | 0322006 | 203220068 | 第一借阅区/ [索取号:J41/136] | 在馆 | |
| 3 | 0322007 | 203220077 | 第一借阅区/ [索取号:J41/136] | 在馆 | |
| 4 | 0322008 | 203220086 | 第一借阅区/ [索取号:J41/136] | 在馆 | |
| 5 | 0322009 | 203220095 | 第一样本阅览室/ [索取号:J41/136] | 在馆 |